[Event "Tournament (open)"]
[Site "masterchessopen.com - St. Petersburg (Russia)"]
[Date "2012.01.11"]
[Round "9"]
[White "Timirev Sergey"]
[Black "Mylnikov Mikhail (RUS)"]
[Result "1-0"]
[WhiteElo "1803"]
[BlackElo "1828"]

1.d4 Nf6 2.c4 c5 3.d5 e6 4.Nc3 exd5 5.cxd5 d6 6.e4 g6 7.f4 Bg7 8.Bb5+ Nfd7
9.a4 a6 10.Bd3 b6 11.Nf3 O-O 12.O-O Qc7 13.Bc4 Re8 14.e5 Nf8 15.Ne4 dxe5
16.fxe5 Bg4 17.d6 Qa7 18.Qb3 Nc6 19.Nfg5 Nxe5 20.Rxf7 Nxf7 21.Bxf7+ Kh8
22.Bxe8 Bd4+ 23.Be3 Rxe8 24.Bxd4+ cxd4 25.Nf6 Be6 26.Nxe6 Rxe6 27.d7 Qc7
28.Qd5 Qf4 29.Ng4 {#r} 1-0

[Event "Ch England (team) 2011/12 (2 div)"]
[Site "masterchessopen.com - England"]
[Date "2012.01.14"]
[Round "3"]
[White "Cairns Stephen (ENG)"]
[Black "Tavares Shawn P (TRI)"]
[Result "1-0"]
[WhiteElo "2098"]
[BlackElo "2218"]

1.d4 e6 2.c4 c5 3.d5 exd5 4.cxd5 d6 5.e4 Nf6 6.Nc3 g6 7.f4 Bg7 8.Bb5+ Nfd7
9.a4 Qh4+ 10.g3 Qd8 11.Nf3 O-O 12.O-O Na6 13.Re1 Nb4 14.e5 a6 15.e6 fxe6
16.dxe6 Ne5 17.fxe5 Bxe6 18.Ng5 Bf5 19.Bc4+ Kh8 20.Nf7+ Rxf7 21.Bxf7 Qf8
22.Bd5 dxe5 23.Be4 Bh3 24.Qe2 Qf7 25.Be3 Rc8 26.Rad1 h6 27.Rd6 Bf5 28.Red1
{#r} 1-0

[Event "It (cat.1)"]
[Site "masterchessopen.com - Marianske Lazne (Czech Republic)"]
[Date "2012.01.25"]
[Round "6"]
[White "Cherednichenko Svetlana (UKR)"]
[Black "Turner Radek (CZE)"]
[Result "1-0"]
[WhiteElo "2265"]
[BlackElo "2128"]

1.d4 Nf6 2.c4 c5 3.d5 e6 4.Nc3 exd5 5.cxd5 d6 6.e4 g6 7.f4 Bg7 8.Bb5+ Nfd7
9.a4 O-O 10.Nf3 Na6 11.O-O Nb4 12.Re1 a6 13.Bf1 Re8 14.g4 h6 15.Kh1 Nf6 16.h3
b6 17.Bc4 Ra7 18.Kh2 Rae7 19.e5 Nxg4+ 20.hxg4 Bxg4 21.e6 fxe6 22.dxe6 b5
23.axb5 axb5 24.Bxb5 Bxf3 25.Qxf3 Rxe6 26.Rxe6 Qh4+ 27.Qh3 Qf2+ 28.Kh1 {#r}
1-0

[Event "It (open) \"]
[Site "masterchessopen.com - Caxias do Sul (Brazil)"]
[Date "2012.03.04"]
[Round "7"]
[White "Mecking Henrique (BRA)"]
[Black "Souza Ivan (BRA)"]
[Result "1-0"]
[WhiteElo "2589"]
[BlackElo "2283"]

1.d4 Nf6 2.c4 e6 3.Nc3 c5 4.d5 exd5 5.cxd5 d6 6.e4 g6 7.f4 Bg7 8.Bb5+ Nfd7
9.a4 O-O 10.Nf3 Na6 11.O-O Nc7 12.Bd3 Nf6 13.h3 a6 14.Re1 Rb8 15.Bf1 b5 16.e5
Nfe8 17.axb5 axb5 18.Be3 b4 19.Ne4 Bb7 20.Bc4 dxe5 21.fxe5 Bxd5 22.Bxd5 Nxd5
23.Bxc5 Nec7 24.Bxf8 Qxf8 25.Qd4 Rd8 26.Qc5 Qe8 27.Nd6 Qd7 28.Ra7 Bxe5 29.Nxf7
Bxb2 30.Nxd8 {#r} 1-0

[Event "Memorial G.Agzamov (open)"]
[Site "masterchessopen.com - Tashkent (Uzbekistan)"]
[Date "2012.03.08"]
[Round "3"]
[White "Golod Vitali (ISR)"]
[Black "Atabayev Maksat (TKM)"]
[Result "1-0"]
[WhiteElo "2570"]
[BlackElo "2336"]

1.d4 Nf6 2.c4 c5 3.d5 e6 4.Nc3 exd5 5.cxd5 d6 6.e4 g6 7.f4 Bg7 8.Bb5+ Nfd7
9.a4 O-O 10.Nf3 Na6 11.O-O Nb4 12.Re1 a6 13.Bf1 Re8 14.h3 Rb8 15.a5 b6 16.axb6
Nxb6 17.Na2 Na8 18.Bc4 Nc7 19.Nxb4 Rxb4 20.Ra4 Bxb2 21.Rxb4 Bxc1 22.Rb8 Bxf4
23.e5 dxe5 24.d6 e4 25.Rxc8 Qxc8 26.d7 {#r} 1-0

[Event "Cup Armen Norouz"]
[Site "masterchessopen.com - Esfahan (Iran)"]
[Date "2012.03.28"]
[Round "7"]
[White "Mehrabi Morteza"]
[Black "Darban Morteza (IRI)"]
[Result "0-1"]
[WhiteElo "2005"]
[BlackElo "2368"]

1.d4 Nf6 2.c4 c5 3.d5 e6 4.Nc3 exd5 5.cxd5 d6 6.e4 g6 7.f4 Bg7 8.Bb5+ Nfd7
9.a4 O-O 10.Nf3 Na6 11.O-O Nb4 12.Re1 a6 13.Bc4 Nb6 14.Bf1 Bg4 15.Na2 Bxf3
16.gxf3 Re8 17.Nxb4 cxb4 18.a5 Nd7 19.Qb3 Bd4+ 20.Kh1 Bc5 21.Bh3 Qh4 {#R} 0-1

[Event "Ch World (schools) (under 15)"]
[Site "masterchessopen.com - Iasi (Romania)"]
[Date "2012.04.30"]
[Round "3"]
[White "Baciu Alexandru"]
[Black "Zeynalli Miradil Mir"]
[Result "0-1"]
[WhiteElo "1715"]
[BlackElo "1942"]

1.d4 Nf6 2.c4 c5 3.d5 e6 4.Nc3 exd5 5.cxd5 d6 6.e4 g6 7.f4 Bg7 8.Bb5+ Nfd7
9.a4 O-O 10.Nf3 f5 11.Ng5 Nf6 12.e5 Ne8 13.e6 Na6 14.Qe2 Qe7 15.Be3 Nb4
16.O-O-O b6 17.Rd2 Bb7 18.Bc4 a6 19.Na2 Nxa2+ 20.Bxa2 b5 21.axb5 axb5 22.Bb1
h6 23.Nf7 Nc7 24.Qf3 Nxe6 25.Nxh6+ Bxh6 26.Qh3 Nxf4 27.Qxh6 Qxe3 28.Kc2 Bxd5
29.Rxd5 Nxd5 30.Qxg6+ Kh8 31.Re1 Qf2+ 32.Kd1 Ne3+ {#R} 0-1

[Event "Ch World (schools) (under 17)"]
[Site "masterchessopen.com - Iasi (Romania)"]
[Date "2012.05.05"]
[Round "8"]
[White "Lupascu M"]
[Black "Bida Mihai-Eugen (ROM)"]
[Result "0-1"]
[WhiteElo "1999"]
[BlackElo "2196"]

1.d4 Nf6 2.c4 e6 3.Nc3 c5 4.d5 exd5 5.cxd5 d6 6.e4 g6 7.f4 Bg7 8.Bb5+ Nfd7
9.a4 O-O 10.Nf3 Na6 11.h3 Nb4 12.Bxd7 Bxd7 13.O-O Re8 14.Qe2 Bxc3 15.bxc3 Nxd5
16.Qd3 Nf6 17.e5 Bf5 18.Qc4 Be6 19.Qe2 Nd5 20.c4 Nb6 21.Nd2 dxe5 22.Bb2 Bf5
23.fxe5 Qd3 24.Qf2 Rad8 25.Rfd1 Qc2 26.Ba3 Nxc4 27.Nxc4 Rxd1+ 28.Rxd1 Qxd1+
29.Kh2 Qd5 30.Qh4 Bd3 31.e6 Qxc4 32.exf7+ Qxf7 {#R} 0-1

[Event "Ch Bosnia & Herzegovina (team)"]
[Site "masterchessopen.com - Jahorina (Bosnia & Herzegovina)"]
[Date "2012.06.10"]
[Round "9"]
[White "Kojic Tigran (BIH)"]
[Black "Loncarevic Slobodan (SRB)"]
[Result "1-0"]
[WhiteElo "2289"]
[BlackElo "2227"]

1.d4 Nf6 2.c4 c5 3.d5 e6 4.Nc3 exd5 5.cxd5 d6 6.e4 g6 7.f4 Bg7 8.Bb5+ Nfd7
9.a4 a6 10.Bc4 O-O 11.Nf3 Re8 12.O-O Nb6 13.Be2 Bg4 14.Qc2 N8d7 15.a5 Nc8
16.h3 Bxf3 17.Bxf3 b5 18.Be3 Nf6 19.Bf2 Qc7 20.Rfe1 Nd7 21.e5 dxe5 22.fxe5
Bxe5 23.Ne4 Qd8 24.Qd2 Rb8 25.Re2 b4 26.Rae1 Rf8 27.Nxc5 Rb5 28.Nb3 Qf6 29.Nd4
Rxa5 30.Nc6 Ra2 31.Nxe5 {#r} 1-0

[Event "Ch Czech Republic (open) (team)"]
[Site "masterchessopen.com - Pardubice (Czech Republic)"]
[Date "2012.07.13"]
[Round "3"]
[White "Neuman Petr (CZE)"]
[Black "Gantar Jan (SLO)"]
[Result "1-0"]
[WhiteElo "2476"]
[BlackElo "2222"]

1.d4 Nf6 2.c4 c5 3.d5 e6 4.Nc3 exd5 5.cxd5 d6 6.e4 g6 7.f4 Bg7 8.Bb5+ Nfd7
9.a4 a6 10.Bd3 Qh4+ 11.g3 Qd8 12.Nf3 Nf6 13.e5 dxe5 14.fxe5 Ng4 15.Bf4 O-O
16.O-O Re8 17.e6 fxe6 18.Bc4 e5 19.Ng5 Nh6 20.Be3 Bf5 21.g4 Bf6 22.Ne6 Bxe6
23.Bxh6 Bf7 24.Qf3 Nd7 25.Ne4 {#r} 1-0

[Event "It (open)"]
[Site "masterchessopen.com - Amsterdam (Netherlands)"]
[Date "2012.07.18"]
[Round "5"]
[White "Hovenga Alje (NED)"]
[Black "Hungaski Robert Andrew (USA)"]
[Result "0-1"]
[WhiteElo "2247"]
[BlackElo "2488"]

1.d4 Nf6 2.c4 c5 3.d5 e6 4.Nc3 exd5 5.cxd5 d6 6.e4 g6 7.f4 Bg7 8.Bb5+ Nfd7
9.a4 O-O 10.Nf3 Na6 11.O-O Nb4 12.Re1 a6 13.Bf1 Re8 14.h3 f5 15.Ng5 Nf8 16.Bc4
fxe4 17.Ncxe4 h6 18.Ne6 Nxe6 19.dxe6 d5 20.Bb3 c4 21.Bxc4 Bxe6 22.Nc5 Qb6
23.Be3 dxc4 24.Qd2 Nd5 25.Nxe6 Qxe6 26.Bd4 Bxd4+ 27.Qxd4 Qb6 {#R} 0-1

[Event "It (open)"]
[Site "masterchessopen.com - Kesan (Turkey)"]
[Date "2012.07.28"]
[Round "1"]
[White "Chigladze Iveri (GEO)"]
[Black "Ozgur Emre (TUR)"]
[Result "1-0"]
[WhiteElo "2358"]
[BlackElo "1737"]

1.d4 e6 2.c4 Nf6 3.Nc3 c5 4.d5 exd5 5.cxd5 d6 6.e4 g6 7.f4 Bg7 8.Bb5+ Nfd7
9.a4 O-O 10.Nf3 Na6 11.O-O Nb4 12.Kh1 a6 13.Bxd7 Bxd7 14.f5 b5 15.Bg5 Bf6
16.Bf4 Qb6 17.a5 Qc7 18.Bh6 c4 19.e5 dxe5 20.Ne4 Bg7 21.Bxg7 Kxg7 22.f6+ Kh8
23.Qd2 Nd3 24.Qh6 {#r} 1-0

[Event "It (open)"]
[Site "masterchessopen.com - Arad (Romania)"]
[Round "6"]
[White "Stegariu Vlad Ionut (ROM)"]
[Black "Chirila Ioan Cristian (ROM)"]
[Result "0-1"]
[WhiteElo "2236"]
[BlackElo "2504"]

1.d4 Nf6 2.c4 c5 3.d5 e6 4.Nc3 exd5 5.cxd5 d6 6.e4 g6 7.f4 Bg7 8.Bb5+ Nfd7
9.a4 O-O 10.Nf3 Na6 11.O-O Nb4 12.Re1 a6 13.Bxd7 Bxd7 14.f5 Re8 15.Bg5 Bf6
16.Bf4 c4 17.fxg6 hxg6 18.e5 Nd3 19.Ne4 dxe5 20.Nxf6+ Qxf6 21.Bg5 Qf5 22.Qd2
e4 23.Nh4 Qe5 24.Re2 Bg4 25.Rf1 Bxe2 26.Bf6 Qh5 27.Nf5 gxf5 {#R} 0-1

[Event "It (open)"]
[Site "masterchessopen.com - Collado Villalba (Spain)"]
[Round "8"]
[White "Moreno Ruiz Javier (ESP)"]
[Black "Roa Alonso Santiago (ESP)"]
[Result "1-0"]
[WhiteElo "2504"]
[BlackElo "2426"]

1.d4 Nf6 2.c4 c5 3.d5 e6 4.Nc3 exd5 5.cxd5 d6 6.e4 g6 7.f4 Bg7 8.Bb5+ Nfd7
9.a4 O-O 10.Nf3 Na6 11.O-O Nb4 12.Re1 a6 13.Bf1 Re8 14.h3 b6 15.Be3 Nf6 16.Bf2
Nh5 17.g3 Bb7 18.Qd2 Qd7 19.Rad1 Rad8 20.g4 Nf6 21.Bh4 Rc8 22.Bc4 h5 23.e5
hxg4 24.exf6 gxf3 25.fxg7 Qxh3 26.Qh2 Qg4+ 27.Kf2 Kxg7 28.Qg3 Qf5 29.Qxf3 Nc2
{#r} 1-0